[Event "Stay Safe Play From Home 249"]
[Site "Emanuel Lasker Arena"]
[Date "2020.06.23"]
[Round "1"]
[White "Lazieri3"]
[Black "Timbre"]
[Result "1-0"]
[WhiteElo "2127"]
[BlackElo "1697"]
[Annotator "NA"]
[PlyCount "71"]
[EventDate "2020.06.23"]
[EventType "swiss (blitz)"]

1. e4 {[%emt 0:00:02]} c6 {[%emt 0:00:02]} 2. Nc3 {[%emt 0:00:00]} d5 {[%emt 0:00:01]} 3. d4 {[%emt 0:00:00]} dxe4 {[%emt 0:00:02]} 4. Nxe4 {[%emt 0:00:14]} Bf5 {[%emt 0:00:02]} 5. Ng3 {[%emt 0:00:01]} Bg6 {[%emt 0:00:01]} 6. Bd3 {[%emt 0:00:02]} e6 {[%emt 0:00:02]} 7. Bxg6 {[%emt 0:00:03]} hxg6 {[%emt 0:00:02]} 8. Nf3 {[%emt 0:00:00]} Nd7 {[%emt 0:00:04]} 9. c3 {[%emt 0:00:01]} Ngf6 {[%emt 0:00:01]} 10. h3 {[%emt 0:00:17]} Be7 {[%emt 0:00:02]} 11. Bf4 {[%emt 0:00:02]} Qb6 {[%emt 0:00:04]} 12. Qb3 {[%emt 0:00:02]} Qxb3 {[%emt 0:00:07]} 13. axb3 {[%emt 0:00:00]} Nd5 {[%emt 0:00:02]} 14. Bd2 {[%emt 0:00:03]} N7f6 {[%emt 0:00:02]} 15. b4 {[%emt 0:00:02]} a6 {[%emt 0:00:03]} 16. O-O {[%emt 0:00:01]} Kf8 {[%emt 0:00:03]} 17. Ne5 {[%emt 0:00:02]} Kg8 {[%emt 0:00:03]} 18. Rfe1 {[%emt 0:00:07]} Nh5 {[%emt 0:00:03]} 19. Ne4 {[%emt 0:00:04]} Nhf6 {[%emt 0:00:03]} 20. Ng5 {[%emt 0:00:02]} Rf8 {[%emt 0:00:12]} 21. Kf1 {[%emt 0:00:19]} Rh5 {[%emt 0:00:05]} 22. Re2 {[%emt 0:00:08]} Bd6 {[%emt 0:00:13]} 23. Rae1 {[%emt 0:00:05]} Bxe5 {[%emt 0:00:04]} 24. dxe5 {[%emt 0:00:03]} Nh7 {[%emt 0:00:04]} 25. Nxh7 {[%emt 0:00:01]} Rxh7 {[%emt 0:00:02]} 26. Be3 {[%emt 0:00:02]} Rh5 {[%emt 0:00:05]} 27. Bc5 {[%emt 0:00:02]} Rd8 {[%emt 0:00:06]} 28. Rd2 {[%emt 0:00:01]} Re8 {[%emt 0:00:04]} 29. c4 {[%emt 0:00:12]} Nf4 {[%emt 0:00:15]} 30. Rd7 {[%emt 0:00:05]} Rg5 {[%emt 0:00:04]} 31. Be3 {[%emt 0:00:07]} Rf5 {[%emt 0:00:11]} 32. g4 {[%emt 0:00:03]} Rxe5 {[%emt 0:00:14]} 33. Bxf4 {[%emt 0:00:01]} Rxe1+ {[%emt 0:00:03]} 34. Kxe1 {[%emt 0:00:00]} f6 {[%emt 0:00:06]} 35. Rxb7 {[%emt 0:00:01]} e5 {[%emt 0:00:01]} 36. Be3 {[%emt 0:00:01] Timbre resigns (Lag: Av=0.78s, max=4.2s)} 1-0

[Event "Stay Safe Play From Home 249"]
[Site "Emanuel Lasker Arena"]
[Date "2020.06.23"]
[Round "1"]
[White "SoulofWolf"]
[Black "Germanicus G"]
[Result "1-0"]
[WhiteElo "1931"]
[BlackElo "1665"]
[Annotator "NA"]
[PlyCount "87"]
[EventDate "2020.06.23"]
[EventType "swiss (blitz)"]

1. Nf3 {[%emt 0:00:43]} e6 {[%emt 0:00:02]} 2. c4 {[%emt 0:00:01]} Nf6 {[%emt 0:00:01]} 3. Nc3 {[%emt 0:00:01]} Bb4 {[%emt 0:00:03]} 4. Qb3 {[%emt 0:00:02]} Be7 {[%emt 0:00:08]} 5. e4 {[%emt 0:00:01]} d6 {[%emt 0:00:02]} 6. d4 {[%emt 0:00:01]} Nbd7 {[%emt 0:00:02]} 7. Bd3 {[%emt 0:00:02]} e5 {[%emt 0:00:02]} 8. O-O {[%emt 0:00:03]} exd4 {[%emt 0:00:06]} 9. Nxd4 {[%emt 0:00:00]} c5 {[%emt 0:00:01]} 10. Nf5 {[%emt 0:00:01]} O-O {[%emt 0:00:04]} 11. f4 {[%emt 0:00:03]} b6 {[%emt 0:00:03]} 12. a4 {[%emt 0:00:03]} Bb7 {[%emt 0:00:02]} 13. Be3 {[%emt 0:00:03]} Bc6 {[%emt 0:00:03]} 14. Rad1 {[%emt 0:00:03]} Qc7 {[%emt 0:00:01]} 15. Bc2 {[%emt 0:00:01]} Rfe8 {[%emt 0:00:02]} 16. Rd2 {[%emt 0:00:01]} Bf8 {[%emt 0:00:02]} 17. Nd5 {[%emt 0:00:21]} Bxd5 {[%emt 0:00:06]} 18. exd5 {[%emt 0:00:03]} g6 {[%emt 0:00:14]} 19. Ng3 {[%emt 0:00:09]} Ng4 {[%emt 0:00:04]} 20. Re2 {[%emt 0:00:06]} Bg7 {[%emt 0:00:05]} 21. Rfe1 {[%emt 0:00:04]} Nxe3 {[%emt 0:00:01]} 22. Rxe3 {[%emt 0:00:01]} Bd4 {[%emt 0:00:01]} 23. Nf1 {[%emt 0:00:04]} Rxe3 {[%emt 0:00:05]} 24. Nxe3 {[%emt 0:00:03]} Re8 {[%emt 0:00:02]} 25. Kf2 {[%emt 0:00:01]} Nf6 {[%emt 0:00:03]} 26. Kf3 {[%emt 0:00:01]} Qd7 {[%emt 0:00:05]} 27. h3 {[%emt 0:00:02]} Kg7 {[%emt 0:00:03]} 28. g4 {[%emt 0:00:12]} Bxe3 {[%emt 0:00:02]} 29. Rxe3 {[%emt 0:00:01]} Rxe3+ {[%emt 0:00:01]} 30. Qxe3 {[%emt 0:00:00]} Qe8 {[%emt 0:00:01]} 31. Qc3 {[%emt 0:00:12]} Qe1 {[%emt 0:00:14]} 32. Qxe1 {[%emt 0:00:01]} h6 {[%emt 0:00:06]} 33. Qc3 {[%emt 0:00:01]} g5 {[%emt 0:00:01]} 34. h4 {[%emt 0:00:02]} gxh4 {[%emt 0:00:04]} 35. g5 {[%emt 0:00:01]} hxg5 {[%emt 0:00:02]} 36. fxg5 {[%emt 0:00:01]} a5 {[%emt 0:00:04]} 37. Qxf6+ {[%emt 0:00:01]} Kf8 {[%emt 0:00:01]} 38. Bg6 {[%emt 0:00:02]} Ke8 {[%emt 0:00:01]} 39. Bxf7+ {[%emt 0:00:02]} Kd7 {[%emt 0:00:01]} 40. g6 {[%emt 0:00:01]} Kc7 {[%emt 0:00:01]} 41. Qe7+ {[%emt 0:00:01]} Kb8 {[%emt 0:00:02]} 42. Be8 {[%emt 0:00:01]} b5 {[%emt 0:00:00]} 43. Bc6 {[%emt 0:00:01]} bxc4 {[%emt 0:00:02]} 44. Qb7# {[%emt 0:00:01] (Lag: Av=0.35s, max=3.7s)} 1-0

[Event "Stay Safe Play From Home 249"]
[Site "Emanuel Lasker Arena"]
[Date "2020.06.23"]
[Round "1"]
[White "Dukic"]
[Black "Justwatch"]
[Result "1-0"]
[WhiteElo "1886"]
[BlackElo "1287"]
[Annotator "NA"]
[PlyCount "23"]
[EventDate "2020.06.23"]
[EventType "swiss (blitz)"]

1. c4 {[%emt 0:00:07]} e5 {[%emt 0:00:01]} 2. Nc3 {[%emt 0:00:02]} d6 {[%emt 0:00:00]} 3. Nf3 {[%emt 0:00:01]} Bf5 {[%emt 0:00:00]} 4. d4 {[%emt 0:00:01]} exd4 {[%emt 0:00:02]} 5. Nxd4 {[%emt 0:00:01]} Be6 {[%emt 0:00:00]} 6. e4 {[%emt 0:00:04]} Bd7 {[%emt 0:00:04]} 7. Be2 {[%emt 0:00:03]} Nf6 {[%emt 0:00:02]} 8. O-O {[%emt 0:00:02]} Bc6 {[%emt 0:00:06]} 9. Re1 {[%emt 0:00:04]} d5 {[%emt 0:00:01]} 10. exd5 {[%emt 0:00:02]} Bd7 {[%emt 0:00:11]} 11. Bd3+ {[%emt 0:00:08]} Be7 {[%emt 0:00:05]} 12. Qe2 {[%emt 0:00:03] Justwatch terk eder (Lag: Av=0.51s, max=0.9s)} 1-0

[Event "Stay Safe Play From Home 249"]
[Site "Emanuel Lasker Arena"]
[Date "2020.06.23"]
[Round "1"]
[White "Tobo Rubirosa"]
[Black "MartinKestler"]
[Result "1/2-1/2"]
[WhiteElo "1711"]
[BlackElo "2145"]
[Annotator "TA"]
[PlyCount "41"]
[EventDate "2020.06.23"]
[EventType "swiss (blitz)"]

{[%evp 9,41,55,59,34,66,64,71,67,58,3,40,43,46,28,18,27,38,4,20,9,17,0,0,-8,0,0,0,0,29,21,25,31,45,38]} 1. d4 b5 2. Nf3 Bb7 3. g3 g6 4. Bg2 Bg7 5. O-O Nf6 6. a4 {A49: 1 d4 Nf6 2 Nf3 g6 3 g3: Anti-King's Indian systems.} a6 7. axb5 axb5 8. Rxa8 {White is better.} Bxa8 9. Na3 {[#]} (9. Qd3 $14) 9... Bxf3 $146 ({Predecessor:} 9... b4 10. Nc4 Na6 11. c3 bxc3 12. bxc3 Ne4 13. Qa4 Nxc3 14. Qxa6 Nxe2+ 15. Kh1 Bxf3 16. Bxf3 Nxd4 {0-1 (46) Monz,D (2075)-Bertagnolli,A (2190) Austria 2000}) 10. Bxf3 c6 11. c4 bxc4 $1 12. Nxc4 O-O 13. Bf4 Na6 14. Qa4 Nc7 15. Bxc7 Qxc7 16. Ra1 h5 17. Ne5 Rb8 18. Qa7 Qxa7 19. Rxa7 Rxb2 20. Nxd7 Nxd7 21. Rxd7 {Accuracy: White = 73%, Black = 78%.} 1/2-1/2

[Event "Stay Safe Play From Home 249"]
[Site "Emanuel Lasker Arena"]
[Date "2020.06.23"]
[Round "1"]
[White "Matanant"]
[Black "Haxhi Baha"]
[Result "0-1"]
[WhiteElo "1685"]
[BlackElo "1948"]
[PlyCount "134"]
[EventDate "2020.06.23"]
[EventType "swiss (blitz)"]

1. e4 {[%emt 0:00:03]} e6 {[%emt 0:00:01]} 2. d4 {[%emt 0:00:02]} d5 {[%emt 0:00:01]} 3. Nd2 {[%emt 0:00:00]} c5 {[%emt 0:00:02]} 4. c3 {[%emt 0:00:02]} Nc6 {[%emt 0:00:01]} 5. Ngf3 {[%emt 0:00:09]} Nf6 {[%emt 0:00:01]} 6. e5 {[%emt 0:00:02]} Nd7 {[%emt 0:00:01]} 7. Bd3 {[%emt 0:00:03]} Qb6 {[%emt 0:00:01]} 8. O-O {[%emt 0:00:08]} cxd4 {[%emt 0:00:01]} 9. cxd4 {[%emt 0:00:03]} Nxd4 {[%emt 0:00:01]} 10. Nxd4 {[%emt 0:00:01]} Qxd4 {[%emt 0:00:00]} 11. Nf3 {[%emt 0:00:01]} Qb6 {[%emt 0:00:01]} 12. Qc2 {[%emt 0:00:11]} h6 {[%emt 0:00:10]} 13. Be3 {[%emt 0:00:06]} Bc5 {[%emt 0:00:01]} 14. Bxc5 {[%emt 0:00:07]} Qxc5 {[%emt 0:00:00]} 15. Rac1 {[%emt 0:00:04]} Qxc2 {[%emt 0:00:03]} 16. Rxc2 {[%emt 0:00:01]} b6 {[%emt 0:00:11]} 17. b4 {[%emt 0:00:04]} a5 {[%emt 0:00:08]} 18. a3 {[%emt 0:00:02]} axb4 {[%emt 0:00:01]} 19. axb4 {[%emt 0:00:01]} Ke7 {[%emt 0:00:03]} 20. Rc7 {[%emt 0:00:04]} Ba6 {[%emt 0:00:08]} 21. Bxa6 {[%emt 0:00:03]} Rxa6 {[%emt 0:00:00]} 22. Nd4 {[%emt 0:00:04]} Rha8 {[%emt 0:00:14]} 23. f4 {[%emt 0:00:09]} Ra1 {[%emt 0:00:07]} 24. g4 {[%emt 0:00:15]} Kd8 {[%emt 0:00:02]} 25. Rc6 {[%emt 0:00:06]} Rxf1+ {[%emt 0:00:02]} 26. Kxf1 {[%emt 0:00:01]} Ra4 {[%emt 0:00:06]} 27. Rd6 {[%emt 0:00:12]} Kc8 {[%emt 0:00:17]} 28. Nc6 {[%emt 0:00:06]} Kc7 {[%emt 0:00:02]} 29. h4 {[%emt 0:00:09]} Ra1+ {[%emt 0:00:08]} 30. Kg2 {[%emt 0:00:02]} Rc1 {[%emt 0:00:00]} 31. Nd4 {[%emt 0:00:05]} Rc4 {[%emt 0:00:01]} 32. Nb5+ {[%emt 0:00:03]} Kd8 {[%emt 0:00:18]} 33. Na7 {[%emt 0:00:02]} Ke7 {[%emt 0:00:03]} 34. Kf3 {[%emt 0:00:03]} f6 {[%emt 0:00:10]} 35. Nc6+ {[%emt 0:00:04]} Ke8 {[%emt 0:00:13]} 36. Rxe6+ {[%emt 0:00:05]} Kf8 {[%emt 0:00:00]} 37. Rd6 {[%emt 0:00:05]} Ke8 {[%emt 0:00:09]} 38. b5 {[%emt 0:00:02]} fxe5 {[%emt 0:00:01]} 39. fxe5 {[%emt 0:00:03]} Rc5 {[%emt 0:00:01]} 40. Nd4 {[%emt 0:00:03]} Nxe5+ {[%emt 0:00:03]} 41. Kf4 {[%emt 0:00:03]} Nc4 {[%emt 0:00:01]} 42. Re6+ {[%emt 0:00:04]} Kd7 {[%emt 0:00:02]} 43. Kf5 {[%emt 0:00:02]} Nd6+ {[%emt 0:00:08]} 44. Kg6 {[%emt 0:00:02]} Rc4 {[%emt 0:00:04]} 45. Kxg7 {[%emt 0:00:05]} Rxd4 {[%emt 0:00:02]} 46. Rxh6 {[%emt 0:00:02]} Rxg4+ {[%emt 0:00:01]} 47. Kf6 {[%emt 0:00:01]} d4 {[%emt 0:00:15]} 48. Rh7+ {[%emt 0:00:02]} Kc8 {[%emt 0:00:06]} 49. Ke5 {[%emt 0:00:01]} Nxb5 {[%emt 0:00:01]} 50. Kf5 {[%emt 0:00:03]} Rg8 {[%emt 0:00:11]} 51. Ke4 {[%emt 0:00:01]} Rd8 {[%emt 0:00:03]} 52. Kd3 {[%emt 0:00:02]} Nc7 {[%emt 0:00:06]} 53. h5 {[%emt 0:00:01]} Ne6 {[%emt 0:00:00]} 54. Rh6 {[%emt 0:00:02]} Nf4+ {[%emt 0:00:00]} 55. Kd2 {[%emt 0:00:01]} Kb7 {[%emt 0:00:01]} 56. Rh7+ {[%emt 0:00:03]} Kc6 {[%emt 0:00:00]} 57. h6 {[%emt 0:00:00]} Ra8 {[%emt 0:00:07]} 58. Rf7 {[%emt 0:00:02]} Ra2+ {[%emt 0:00:01]} 59. Kd1 {[%emt 0:00:02]} Nd5 {[%emt 0:00:20]} 60. h7 {[%emt 0:00:04]} Rh2 {[%emt 0:00:01]} 61. Rg7 {[%emt 0:00:07]} d3 {[%emt 0:00:04]} 62. Rg6+ {[%emt 0:00:13]} Kc5 {[%emt 0:00:01]} 63. Rg8 {[%emt 0:00:06]} Ne3+ {[%emt 0:00:03]} 64. Kc1 {[%emt 0:00:11]} d2+ {[%emt 0:00:01]} 65. Kb2 {[%emt 0:00:02]} Rxh7 {[%emt 0:00:04]} 66. Ka3 {[%emt 0:00:00]} d1=Q {[%emt 0:00:04]} 67. Rc8+ {[%emt 0:00:01]} Kb5 {[%emt 0:00:02] Matanant resigns (Lag: Av=1.39s, max=2.1s)} 0-1

[Event "Stay Safe Play From Home 249"]
[Site "Emanuel Lasker Arena"]
[Date "2020.06.23"]
[Round "1"]
[White "Klasman"]
[Black "Dave_H"]
[Result "1-0"]
[WhiteElo "1665"]
[BlackElo "1907"]
[Annotator "NA"]
[PlyCount "73"]
[EventDate "2020.06.23"]
[EventType "swiss (blitz)"]
[BlackTeam "SK Vellmar"]

{- Halt, David (2088)} 1. f4 {[%emt 0:00:02]} d5 {[%emt 0:00:02]} 2. e3 {[%emt 0:00:02]} g6 {[%emt 0:00:02]} 3. Nf3 {[%emt 0:00:01]} Bg7 {[%emt 0:00:01]} 4. d4 {[%emt 0:00:01]} Nf6 {[%emt 0:00:04]} 5. c4 {[%emt 0:00:01]} c6 {[%emt 0:00:05]} 6. Nc3 {[%emt 0:00:07]} O-O {[%emt 0:00:01]} 7. Bd3 {[%emt 0:00:03]} dxc4 {[%emt 0:00:02]} 8. Bxc4 {[%emt 0:00:02]} Bf5 {[%emt 0:00:02]} 9. Qb3 {[%emt 0:00:04]} b5 {[%emt 0:00:04]} 10. Be2 {[%emt 0:00:03] Dave_H reconnected.} Nbd7 {[%emt 0:00:00]} 11. O-O {[%emt 0:00:03]} Nb6 {[%emt 0:00:03]} 12. Ne5 {[%emt 0:00:02]} Ne4 {[%emt 0:00:05]} 13. Nxc6 {[%emt 0:00:09]} Qd6 {[%emt 0:00:09]} 14. Bxb5 {[%emt 0:00:14]} Nxc3 {[%emt 0:00:04]} 15. bxc3 {[%emt 0:00:02] Dave_H reconnected.} Be6 {[%emt 0:00:02]} 16. Qb1 {[%emt 0:00:09]} Bc4 {[%emt 0:00:06]} 17. Bxc4 {[%emt 0:00:15]} Nxc4 {[%emt 0:00:01]} 18. Ne5 {[%emt 0:00:13]} Qc7 {[%emt 0:00:07]} 19. Qd3 {[%emt 0:00:05]} Nd6 {[%emt 0:00:03]} 20. a4 {[%emt 0:00:03]} f6 {[%emt 0:00:02]} 21. Nf3 {[%emt 0:00:11]} Rfc8 {[%emt 0:00:01]} 22. Ba3 {[%emt 0:00:04]} Qxc3 {[%emt 0:00:03]} 23. Qxc3 {[%emt 0:00:10]} Rxc3 {[%emt 0:00:01]} 24. Bxd6 {[%emt 0:00:02]} exd6 {[%emt 0:00:02]} 25. e4 {[%emt 0:00:04]} Re3 {[%emt 0:00:05]} 26. Rfe1 {[%emt 0:00:02]} Rxe1+ {[%emt 0:00:04]} 27. Rxe1 {[%emt 0:00:02]} Re8 {[%emt 0:00:01]} 28. e5 {[%emt 0:00:03]} fxe5 {[%emt 0:00:02]} 29. fxe5 {[%emt 0:00:02]} dxe5 {[%emt 0:00:03]} 30. dxe5 {[%emt 0:00:02]} h6 {[%emt 0:00:07]} 31. h4 {[%emt 0:00:03]} Kf7 {[%emt 0:00:02]} 32. Rc1 {[%emt 0:00:07]} Re7 {[%emt 0:00:02]} 33. Rc5 {[%emt 0:00:09]} Rb7 {[%emt 0:00:03]} 34. Kf2 {[%emt 0:00:07]} Ke7 {[%emt 0:00:09]} 35. a5 {[%emt 0:00:04]} Kf7 {[%emt 0:00:05]} 36. a6 {[%emt 0:00:02]} Ke7 {[%emt 0:00:05]} 37. axb7 {[%emt 0:00:03] Dave_H gibt auf (Lag: Av=1.81s, max=26.7s)} 1-0

[Event "Stay Safe Play From Home 249"]
[Site "Emanuel Lasker Arena"]
[Date "2020.06.23"]
[Round "2"]
[White "MartinKestler"]
[Black "Klasman"]
[Result "1-0"]
[WhiteElo "2131"]
[BlackElo "1768"]
[PlyCount "99"]
[EventDate "2020.06.23"]
[EventType "swiss (blitz)"]

1. Nf3 {[%emt 0:00:04]} f5 {[%emt 0:00:01]} 2. d4 {[%emt 0:00:03]} Nf6 {[%emt 0:00:01]} 3. Qd3 {[%emt 0:00:01]} e6 {[%emt 0:00:01]} 4. Nc3 {[%emt 0:00:01]} d5 {[%emt 0:00:01]} 5. a3 {[%emt 0:00:04]} Nc6 {[%emt 0:00:02]} 6. Bf4 {[%emt 0:00:02]} a6 {[%emt 0:00:02]} 7. e3 {[%emt 0:00:08]} Bd6 {[%emt 0:00:01]} 8. Be2 {[%emt 0:00:12]} O-O {[%emt 0:00:05]} 9. O-O {[%emt 0:00:02]} Ne4 {[%emt 0:00:03]} 10. Ne5 {[%emt 0:00:06]} g5 {[%emt 0:00:11]} 11. Nxc6 {[%emt 0:00:02]} bxc6 {[%emt 0:00:01]} 12. Bxd6 {[%emt 0:00:10]} cxd6 {[%emt 0:00:06]} 13. f3 {[%emt 0:00:16]} Nf6 {[%emt 0:00:10]} 14. e4 {[%emt 0:00:07]} dxe4 {[%emt 0:00:03]} 15. fxe4 {[%emt 0:00:00]} f4 {[%emt 0:00:10]} 16. e5 {[%emt 0:00:12]} dxe5 {[%emt 0:00:06]} 17. dxe5 {[%emt 0:00:01]} Qxd3 {[%emt 0:00:01]} 18. Bxd3 {[%emt 0:00:02]} Nd5 {[%emt 0:00:06]} 19. Ne4 {[%emt 0:00:20]} Ne3 {[%emt 0:00:06]} 20. Rfe1 {[%emt 0:00:07]} Bd7 {[%emt 0:00:18]} 21. Nf6+ {[%emt 0:00:03]} Rxf6 {[%emt 0:00:06]} 22. exf6 {[%emt 0:00:00]} Kf7 {[%emt 0:00:01]} 23. Bxh7 {[%emt 0:00:06]} Rh8 {[%emt 0:00:06]} 24. Bd3 {[%emt 0:00:02]} Kxf6 {[%emt 0:00:02]} 25. Rxe3 {[%emt 0:00:05]} fxe3 {[%emt 0:00:02]} 26. Re1 {[%emt 0:00:01]} e5 {[%emt 0:00:03]} 27. Rxe3 {[%emt 0:00:01]} a5 {[%emt 0:00:21]} 28. Rf3+ {[%emt 0:00:12]} Ke7 {[%emt 0:00:04]} 29. Bf5 {[%emt 0:00:05]} Rb8 {[%emt 0:00:06]} 30. Bxd7 {[%emt 0:00:07]} Kxd7 {[%emt 0:00:01]} 31. b3 {[%emt 0:00:03]} Ke6 {[%emt 0:00:06]} 32. Kf2 {[%emt 0:00:04]} e4 {[%emt 0:00:12]} 33. Rg3 {[%emt 0:00:04]} Kf5 {[%emt 0:00:02]} 34. Ke3 {[%emt 0:00:03]} c5 {[%emt 0:00:04]} 35. Kd2 {[%emt 0:00:27]} a4 {[%emt 0:00:01]} 36. Rc3 {[%emt 0:00:04]} axb3 {[%emt 0:00:17]} 37. cxb3 {[%emt 0:00:01]} Kf4 {[%emt 0:00:08]} 38. g3+ {[%emt 0:00:08]} Ke5 {[%emt 0:00:07]} 39. Rxc5+ {[%emt 0:00:01]} Kd4 {[%emt 0:00:01]} 40. Rxg5 {[%emt 0:00:06]} Rxb3 {[%emt 0:00:01]} 41. h4 {[%emt 0:00:07]} e3+ {[%emt 0:00:07]} 42. Kd1 {[%emt 0:00:07]} Rxa3 {[%emt 0:00:18]} 43. Rg8 {[%emt 0:00:04]} Ke4 {[%emt 0:00:07]} 44. h5 {[%emt 0:00:04]} Kf3 {[%emt 0:00:08]} 45. Rf8+ {[%emt 0:00:13]} Kxg3 {[%emt 0:00:01]} 46. h6 {[%emt 0:00:05]} Ra7 {[%emt 0:00:14]} 47. Ke2 {[%emt 0:00:02]} Re7 {[%emt 0:00:03]} 48. Rf6 {[%emt 0:00:02]} Kh4 {[%emt 0:00:03]} 49. Rg6 {[%emt 0:00:01]} Kh5 {[%emt 0:00:02]} 50. Rg7 {[%emt 0:00:01] Time (Lag: Av=0.67s, max=1.1s)} 1-0

[Event "Stay Safe Play From Home 249"]
[Site "Emanuel Lasker Arena"]
[Date "2020.06.23"]
[Round "2"]
[White "Lazieri3"]
[Black "SoulofWolf"]
[Result "1/2-1/2"]
[WhiteElo "2130"]
[BlackElo "1938"]
[PlyCount "117"]
[EventDate "2020.06.23"]
[EventType "swiss (blitz)"]

1. e4 {[%emt 0:00:01]} e6 {[%emt 0:00:01]} 2. Nf3 {[%emt 0:00:01]} d5 {[%emt 0:00:01]} 3. exd5 {[%emt 0:00:01]} exd5 {[%emt 0:00:01]} 4. d4 {[%emt 0:00:00]} Nf6 {[%emt 0:00:01]} 5. Bf4 {[%emt 0:00:01]} Be7 {[%emt 0:00:01]} 6. Bd3 {[%emt 0:00:01]} O-O {[%emt 0:00:01]} 7. O-O {[%emt 0:00:01]} Bg4 {[%emt 0:00:04]} 8. h3 {[%emt 0:00:01]} Bh5 {[%emt 0:00:00]} 9. Be2 {[%emt 0:00:01]} Nbd7 {[%emt 0:00:21]} 10. Nbd2 {[%emt 0:00:02]} h6 {[%emt 0:00:12]} 11. Ne5 {[%emt 0:00:01]} Bxe2 {[%emt 0:00:02]} 12. Qxe2 {[%emt 0:00:00]} Re8 {[%emt 0:00:03]} 13. Ndf3 {[%emt 0:00:05]} Bd6 {[%emt 0:00:04]} 14. Qd3 {[%emt 0:00:03]} c5 {[%emt 0:00:03]} 15. Nxd7 {[%emt 0:00:01]} Qxd7 {[%emt 0:00:04]} 16. Bxd6 {[%emt 0:00:02]} Qxd6 {[%emt 0:00:00]} 17. dxc5 {[%emt 0:00:01]} Qxc5 {[%emt 0:00:00]} 18. Rad1 {[%emt 0:00:02]} Rac8 {[%emt 0:00:02]} 19. c3 {[%emt 0:00:02]} Re4 {[%emt 0:00:07]} 20. Nd4 {[%emt 0:00:07]} Rce8 {[%emt 0:00:04]} 21. Qb5 {[%emt 0:00:06]} Qc7 {[%emt 0:00:08]} 22. Rd2 {[%emt 0:00:21]} a6 {[%emt 0:00:01]} 23. Qd3 {[%emt 0:00:02]} Re1 {[%emt 0:00:29]} 24. Rd1 {[%emt 0:00:09]} R1e5 {[%emt 0:00:03]} 25. Rd2 {[%emt 0:00:17]} Qd7 {[%emt 0:00:06]} 26. Nf3 {[%emt 0:00:06]} Re4 {[%emt 0:00:07]} 27. Rfd1 {[%emt 0:00:03]} Qc7 {[%emt 0:00:08]} 28. Qf1 {[%emt 0:00:07]} b5 {[%emt 0:00:02]} 29. Re1 {[%emt 0:00:01]} R8e6 {[%emt 0:00:10]} 30. Rxe4 {[%emt 0:00:02]} dxe4 {[%emt 0:00:01]} 31. Nd4 {[%emt 0:00:05]} Re5 {[%emt 0:00:02]} 32. Qd1 {[%emt 0:00:02]} e3 {[%emt 0:00:09]} 33. fxe3 {[%emt 0:00:00]} Rxe3 {[%emt 0:00:01]} 34. Nf3 {[%emt 0:00:14]} Qg3 {[%emt 0:00:11]} 35. Rd8+ {[%emt 0:00:14]} Kh7 {[%emt 0:00:01]} 36. Qc2+ {[%emt 0:00:04]} g6 {[%emt 0:00:03]} 37. Qf2 {[%emt 0:00:05]} Qf4 {[%emt 0:00:15]} 38. Nd4 {[%emt 0:00:37]} Qe5 {[%emt 0:00:04]} 39. Nf3 {[%emt 0:00:18]} Qe7 {[%emt 0:00:24]} 40. Qd2 {[%emt 0:00:23]} Nh5 {[%emt 0:00:17]} 41. Rd7 {[%emt 0:00:10]} Qe8 {[%emt 0:00:08]} 42. Rxf7+ {[%emt 0:00:02]} Qxf7 {[%emt 0:00:02]} 43. Qxe3 {[%emt 0:00:01]} Qxa2 {[%emt 0:00:03]} 44. Qe7+ {[%emt 0:00:02]} Ng7 {[%emt 0:00:01]} 45. Nd4 {[%emt 0:00:14]} Qxb2 {[%emt 0:00:11]} 46. Ne6 {[%emt 0:00:01]} Qxc3 {[%emt 0:00:00]} 47. Nf8+ {[%emt 0:00:01]} Kg8 {[%emt 0:00:01]} 48. Nxg6 {[%emt 0:00:07]} Qd4+ {[%emt 0:00:01]} 49. Kh2 {[%emt 0:00:03]} Kh7 {[%emt 0:00:01]} 50. Nf8+ {[%emt 0:00:01]} Kg8 {[%emt 0:00:01]} 51. Ng6 {[%emt 0:00:01]} b4 {[%emt 0:00:01]} 52. Ne5 {[%emt 0:00:05]} Qf4+ {[%emt 0:00:01]} 53. Kh1 {[%emt 0:00:01]} b3 {[%emt 0:00:01]} 54. Qd8+ {[%emt 0:00:01]} Kh7 {[%emt 0:00:01]} 55. Qd3+ {[%emt 0:00:01]} Kg8 {[%emt 0:00:02]} 56. Qd8+ {[%emt 0:00:01]} Kh7 {[%emt 0:00:01]} 57. Qd3+ {[%emt 0:00:01]} Nf5 {[%emt 0:00:02]} 58. Qd7+ {[%emt 0:00:02]} Ng7 {[%emt 0:00:03]} 59. Qd3+ {[%emt 0:00:02] (Lag: Av=0.46s, max=1.8s)} 1/2-1/2